000 00887cab a2200241 4500
001 ABS53100
008 090401t1995 xxu||||| |||| 00| 0 eng d
035 _a(Sirsi) u2053
041 _aeng
100 _aWood, C.
245 _aPrague planners wrestle with a city in transition
260 _c1995
350 _a0
490 _aPlanning (for the Natural and Built Environment)
_v(1120) 26 May 1995, 8-9(2)
520 _aDiscusses planning and housing issues in Prague following the Communist era and the economic, political and social changes this has brought about. Based on presentations and documentation provided by leading practitioners and academics in the Czech capital.
650 _aCZECH REPUBLIC
650 _aPLANNING SYSTEM
690 _aOVERSEAS-EUROPE
690 _aPLANNING LAW AND PRACTICE
700 _aTurkington, R.
942 _n0
948 _c04/03/1997
999 _c1225
_d1225